FIFA 20 - Croatian Player Names - Statistics

General Stats
  • This quiz has been taken 563 times
  • The average score is 9 of 12
Answer Stats
Surname Name % Correct
Rakitić Ivan
99%
Modrić Luka
99%
Perišić Ivan
96%
Mandžukić Mario
94%
Lovren Dejan
87%
Rebić Ante
86%
Kovačić Mateo
86%
Pašalić Mario
83%
Brozović Marcelo
80%
Budimir Ante
78%
Ćorić Ante
74%
Vida Domagoj
73%
Kramarić Andrej
72%
Pjaca Marko
70%
Vrsaljko Šime
69%
Rog Marko
65%
Brekalo Josip
64%
Oršić Mislav
64%
Kalinić Nikola
64%
Subašić Danijel
58%
Ćorluka Vedran
53%
Barišić Borna
50%
Benković Filip
36%
Krovinović Filip
36%
Pongračić Marin
32%
No matching quizzes found
Score Distribution
Percent of People with Each Score
Percentile by Number Answered
Your Score History
You have not taken this quiz